000 01313cad a22002295a 4500
001 L151170
008 101005s2010 xxk f 000 0 eng d
020 _a9781409825746
035 _a(Sirsi) u151170
041 0 _aeng
050 0 4 _a306.1 $2 18
110 2 _aUnited Kingdom
_bDepartment for Communities and Local Government
_94939
245 0 0 _aGuidance to the Mortgage Repossessions (Protection of Tenants etc) Act 2010
_h[electronic resource]
260 _aLondon
_bDCLG
_c2010
520 _aGuidance for lenders, landlords and tenants of their rights and responsibilities under the Mortgage Repossessions (Protection of Tenants etc) Act 2010 which came into force on 1 October 2010. Gives unauthorised tenants the right to request a delay to eviction for of up to two months if their landlord (the mortgage-holder) falls into arrears with their mortgage payments and the lender (the mortgagee) commences possession proceedings.
590 _aKA NTK
650 2 4 _aMORTGAGE REPOSSESSIONS (PROTECTION OF TENANTS ETC) ACT 2010
650 2 4 _aDWELLING HOUSES (EXECUTION OF POSSESSION ORDER BY MORTGAGEES) REGULATIONS 2010
651 4 _aENGLAND AND WALES
856 4 0 _uhttps://www.communities.gov.uk/documents/housing/pdf/1729687.pdf
_zView this item free of charge at www.communities.gov.uk
942 _n0
999 _c111204
_d111204